• 首页
  • 本馆介绍
  • 公告通知
  • 最新文献
  • 馆藏检索
  • 电子资源
  • 读者导购
  • 参考咨询
  • 我的图书馆
  • 登录
  • 详细信息显示
  • 放入我的书架
  • 预约/预借图书
  • 作者相关作品
  • 分类相关作品
  • 丛书相关作品
  • 出版社相关作品

书目信息

  • 表格格式
  • 工作单格式
  • 卡片格式
题名:
通向宇宙的新窗口
    
 
作者: 何一平 编
分册:  
出版信息: 北京   北京出版社  1984
页数: 135页
开本: 19cm
丛书名: 少年现代科学技术丛书
单 册:
中图分类: P16-49
科图分类:
主题词: 射电天文--普及读物
电子资源:
ISBN:
000 00719nam0 2200265 45
001 0184002378
005 20061121103507.51
010    @dCNY0.38
091    @a13071.156
100    @a19950523d1984 em y0chiy0121 ea
101 0  @achi
102    @aCN@b110000
105    @ay z 000yy
106    @ar
200 10 @a通向宇宙的新窗口@Atong xiang yu zhou di xin chuang kou@f何一平编
210    @a北京@c北京出版社@d1984
215    @a135页@d19cm
225 2  @a少年现代科学技术丛书
410  0 @12001 @a少年现代科学技术丛书
606    @a射电天文@x普及读物
690    @aP16-49@v3
701  0 @a何一平@Ahe yi ping@4编
801  0 @aCN@b上海图书馆@c20061121
801  2 @aCN@bNLC@c20040520
905    @f1@b121033@dP16-49@e27
    
    通向宇宙的新窗口/何一平编.-北京:北京出版社,1984
    135页;19cm.-(少年现代科学技术丛书)
    
    
    ISBN :CNY0.38
    
●
相关链接 在E读中查询图书 在五车中查询图书 在当当中查询图书 在豆瓣中查询图书


正题名:通向宇宙的新窗口     索取号:P16-49/27         预约/预借

序号 登录号 条形码 馆藏地/架位号 状态 备注
1 0121033   000628324   第三借阅区/ [索取号:P16-49/27] 在馆    
2 0121035   202101590   第二样本阅览室/ [索取号:P16-49/27] 在馆    
唐山师范学院图书馆 欢迎您!
大连网信软件有限公司© 版权所有